Normal view
MARC view
- Bolitho,H
Entry Personal Name
001 - CONTROL NUMBER
- control field: 8980
003 - CONTROL NUMBER IDENTIFIER
- control field: NUST
005 - DATE AND TIME OF LATEST TRANSACTION
- control field: 20180118190626.0
008 - FIXED-LENGTH DATA ELEMENTS
- fixed length control field: 180118|| aca||aabn | a|a d
040 ## - CATALOGING SOURCE
- Original cataloging agency: NUST
- Transcribing agency: NUST
100 ## - HEADING--PERSONAL NAME
- Personal name: Bolitho,H
670 ## - SOURCE DATA FOUND
- Source citation: Work cat.: (NUST)243418: Bolitho,H, Jinnah : Creator of Pakistan (664-B actioned)
